000
00306nam a22001337a 4500
999
_c
15469
_d
15469
020
_a
9789351073482
082
_a
664.092
_b
HAN/IN
100
_a
Han,junh H.
_9
3186
245
_a
Innovations in food packaging /
250
_a
2nd
260
_a
New delhi ;
_b
Elsvier ,
_c
2017.
300
_a
581p.
942
_c
BK